00341cam a2200133 a 4500020001500000040000800015082002600023100001500049245001300064260004400077300004100121500002000162650002500182 a0732276934 cDLC04a940 HAR 2004 A101 Or.1 aHam, Paul.10aKokoda / aPymble, N.S.W. :bHarperCollins,c2004. axvii, 602 p. :bill., maps ;c25 cm. aIncludes index. 0aWorld War, 1939-1945